| 000 | 00000nam##2200000za#4500 |
| 001 | 9.625858 |
| 003 | CaOODSP |
| 005 | 20210507160755 |
| 007 | ta |
| 008 | 150406|2001||||xxc||||| f|0| 0 fre|d |
| 020 | |a0-662-86597-9 |
| 022 | |a1497-6099 |
| 040 | |aCaOODSP|bfre |
| 043 | |an-cn--- |
| 086 | 1 |aCW69-16/2-2002F |
| 110 | 2 |aService canadien de la faune. |
| 245 | 10|aPropositions de modification du Règlement sur les oiseaux migrateurs du Canada / |cPréparé sous la direction de Stephen Bonser et Hélène Lévesque. |
| 260 | |aOttawa - Ontario : |bEnvironnement Canada. |c2001. |
| 300 | |aiii, 49p. : |bcartes, tableaux ; |c28 cm. |
| 490 | 1 |aRapport du SCF sur la réglementation concernant les oiseaux migrateurs|x1497-6099|vN° 5 |
| 563 | |aCouverture souple |
| 590 | |a02-12|b2002-03-22 |
| 691 | 07|aRéglementation|2gcpds |
| 691 | 07|aOiseau|2gcpds |
| 775 | 08|tProposals to amend the Canadian migratory birds regulations / |w(CaOODSP)9.615851 |
| 776 | 0#|tPropositions de modification du Règlement sur les oiseaux migrateurs du Canada, Décembre 2001 / |w(CaOODSP)9.602024 |
| 830 | #0|aRapport du SCF sur la réglementation concernant les oiseaux migrateurs,|x1497-6099|vN° 5|w(CaOODSP)9.512899 |